000 01243nam a22002897a 4500
999 _c21519
_d21519
003 AR-CdUCM
008 190220b ||||| |||| 00| 0 spa d
020 _a9786123171513
040 _aMUNICIPALIDAD PROVINCIAL DEL CUSCO
_cBIBLIOTECA MUNICIPAL DEL CUSCO
082 _a913.83/M42
_bM42
100 _aMéndez, César
_945203
245 _aLos primeros andinos :
_btecnología lítica de los habitantes del centro de Chile trece mil años atrás /
_cCésar Méndez
260 _aLima.
_bPontificia Universidad Católica del Perú,
_c2015.
300 _a251 páginas. :
_bilustraciones, mapas ;
_c24 cm.
440 _aColección Estudios Andinos,
_n16.
_945204
500 _a"Premio Franklin G.Y de Estudios Andinos 2011-2012. Prorama de Estudios Andinos (Escuela de Posgrado) Facultad de Letras y Ciencias Humanas"
_zBibliografía: p. [213]-251.
650 _aArqueología
_9371
650 _aPeríodo Paleolítico
_945205
650 _aÉpoca Prehispánica.
_92714
650 _aIndígenas de América del Sur
_97418
650 _aHistoria
_945206
650 _aChile
_91150
700 _aCuratola Petrocchi, Marco (director)
_945188
710 _aPontificia Universidad Católica del Perú
_9400
942 _2ddc
_cLIBROS
945 _aRoel